Derek Boshier: Rethink/Re-entry (Record no. 12005)

000 -LEADER
fixed length control field 00365 a2200145 4500
003 - CONTROL NUMBER IDENTIFIER
control field OSt
005 - DATE AND TIME OF LATEST TRANSACTION
control field 20240111182010.0
008 - FIXED-LENGTH DATA ELEMENTS--GENERAL INFORMATION
fixed length control field 240111b ||||| |||| 00| 0 eng d
020 ## - INTERNATIONAL STANDARD BOOK NUMBER
International Standard Book Number 978-0500093887
082 ## - DEWEY DECIMAL CLASSIFICATION NUMBER
Classification number 9780500093887
100 ## - MAIN ENTRY--PERSONAL NAME
Personal name Paul Gorman ; David Hockney
245 ## - TITLE STATEMENT
Title Derek Boshier: Rethink/Re-entry
260 ## - PUBLICATION, DISTRIBUTION, ETC. (IMPRINT)
Name of publisher, distributor, etc Thames & Hudson
Date of publication, distribution, etc 2015
942 ## - ADDED ENTRY ELEMENTS (KOHA)
Source of classification or shelving scheme
Holdings
Withdrawn status Lost status Source of classification or shelving scheme Damaged status Koha normalized classification for sorting Not for loan Permanent location Current location Date acquired Source of acquisition Cost, normal purchase price Full call number Barcode Date last seen Cost, replacement price Price effective from Koha item type
        709_040710000000000   BMS College of Architecture, Design and Planning BMS College of Architecture, Design and Planning 2024-01-11 10 2272.61 709.04071 AR-UG3356 2024-01-11 3246.58 2024-01-11 UG Books
Copyright © 2025, The Librarian, Library and Information Centre, BMSCA D&P, Bengaluru. All Rights Reserved
web counter

Powered by Koha